Responses for show #6266 - Monday, December 12, 2011

Alex returns to conducting contestant interviews from near contestant lecterns.

Contestants

Chuck Rezac, a cattle ranch hand from Emmett, Kansas

Ellen Tabor, a psychiatrist from New York, New York

Drew Bayers, a music supervisor originally from Milford, Connecticut (whose 1-day cash winnings total $19,200)

Jeopardy! Round responses

AMERICAN POETS
INITIAL TV
COOKBOOKS
NOT ACTUALLY A STATE CAPITAL
TAKING SPECIAL MEASURES
GET A "CLU"
    $200 14
(Walt) Whitman

Drew
    $200 1
NCIS

Drew
    $200 11
on a stick

Drew
    $200 3
Salem

Ellen
    $200 9
a bolt

Chuck
    $200 26
a club

Drew
    $400 15
Emily Dickinson

Chuck
    $400 2
M*A*S*H

Ellen
    $400 19
carne

Drew
    $400 4
Augusta

Chuck
    $400 10
gauge

Ellen
    $400 27
clutter

Ellen
    $600 17
(Edgar Allan) Poe

Drew
    $600 6
ER

Ellen
    $600 20
soup

Ellen
    $1,000 5
Columbia

Chuck
    $600 16
lumber (timber)

Drew
    $600 28
a cluck

Chuck
    $800 18
the Lowells

Ellen
    $800 12
CHiPs

Drew
    $800 21
(James) Beard

Chuck
    $800 7
Jackson

Chuck
    $800 24
(Chuck: What's a rod?)

a link

Chuck
Triple Stumper
    $800 29
clumsy

Ellen
    $1000 25
(Chuck: Who is Longfellow?)

Ralph Waldo Emerson

Chuck
Triple Stumper
    $1000 13
SCTV

Drew
    $1000 22
Bethenny Frankel

Triple Stumper
    $1000 8
Lincoln

Triple Stumper
    $1000 23
rads (or rem)

Ellen
    $1000 30
a (star) cluster

Drew

Scores at the first commercial break (after clue 15):

Drew Ellen Chuck
$2,400 $1,600 $2,800

Scores at the end of the Jeopardy! Round:

Drew Ellen Chuck
$5,200 $5,200 $2,400

Double Jeopardy! Round responses

MATH
ALSO A PRESIDENT'S SURNAME
BILLIARDS
FRENCH HISTORY
CARTS, WAGONS & SLEDS
RAND CORPORATION
    $400 3
a product

Ellen
    $400 2
Bush

Ellen
    $400 19
a triangle

Drew
    $400 17
Orleans

Chuck
    $400 1
a wheelbarrow

Drew
    $400 12
windsurfing

Drew
    $800 4
Omar Khayyám

Ellen
    $800 7
Adams

Ellen
    $800 27
slate

Chuck
    $800 18
Francois Mitterrand

Triple Stumper
    $800 23
a coaster

Ellen
    $800 13
CFCs

Drew
    $1200 5
the ninth

Chuck
    $1200 9
(Chuck: [*]. What is [*]?)
(Alex: [Overlapping] Nope. Nope. Okay. You got it in before the time expired. Good.)

Ford

Chuck
    $1200 28
cue ball

Drew
    $2,000 20
Corsica

Drew
    $1200 24
caissons

Chuck
    $1200 14
Artificial Intelligence

Chuck
    $1600 6
geometry

Drew
    $1600 10
to pierce

Chuck
    $1600 29
red

Chuck
    $1600 21
the Rhone

Triple Stumper
    $1600 25
a Black Maria

Ellen
    $1600 15
nuclear war

Drew
    $2000 8
the natural numbers

Chuck
    $2000 11
Grant

Triple Stumper
    $2000 30
(Alex: You might think of them more with regard to bowling.)

the Brunswick Corporation

Triple Stumper
    $2000 22
(Ellen: What is Mont-Saint-Michel?)

Agincourt

Ellen
Triple Stumper
    $2000 26
a skeleton

Ellen
    $2,000 16
(Drew: What is string theory?)

game theory

Drew

Scores at the end of the Double Jeopardy! Round:

Drew Ellen Chuck
$11,600 $10,000 $13,600

[wagering suggestions for these scores]

Final Jeopardy! Round responses

THE BILLBOARD TOP 40
EllenWhat is "My Favorite Things"?"
$0
DrewWhat was The Little Drummer Boy?
$11,600
ChuckWhat is fiddler Little Drummer Boy?
$11,600
"The Little Drummer Boy"

Final scores:

Drew Ellen Chuck
$23,200 $10,000 $25,200
2nd place: $2,000 3rd place: $1,000 New champion: $25,200

Game dynamics:

Coryat scores:

Drew Ellen Chuck
$12,800 $10,000 $13,200
18 R
(including 1 DD),
1 W
(including 1 DD)
16 R,
1 W
16 R
(including 1 DD),
2 W

Combined Coryat: $36,000

The J! Archive is created by fans, for fans. The Jeopardy! game show and all elements thereof, including but not limited to copyright and trademark thereto, are the property of Jeopardy Productions, Inc. and are protected under law. This website is not affiliated with, sponsored by, or operated by Jeopardy Productions, Inc. Join the discussion at JBoard.tv.